000 00445nam a2200157Ia 4500
008 100122s9999 xx 000 0 und d
082 _b57049
_a928
100 _aनाडकर्णी ज्ञानेश्वर
245 _aहिचकॉक
250 _a2
260 _bमॅजेस्टिक प्रकाशन
_c1999
300 _a122
630 _aहिचकॉक
730 _aहिचकॉक
942 _cBOOK
999 _c433365
_d433362